Normal view
MARC view
- Komendant, August E
Entry Personal Name
001 - CONTROL NUMBER
- control field: 43312
003 - CONTROL NUMBER IDENTIFIER
- control field: NUST
005 - DATE AND TIME OF LATEST TRANSACTION
- control field: 20210314132619.0
008 - FIXED-LENGTH DATA ELEMENTS
- fixed length control field: 210314|| aca||aabn | a|a d
040 ## - CATALOGING SOURCE
- Original cataloging agency: NUST
- Transcribing agency: NUST
100 ## - HEADING--PERSONAL NAME
- Personal name: Komendant, August E
670 ## - SOURCE DATA FOUND
- Source citation: Work cat.: (NUST): Komendant, August E., Prestressed concrete structures., 1952
